Objective analysis of tropical cyclone intensity, strength, and size using routine aircraft reconnaissance data /

Bibliographic Details
Main Author: Stanfield, Charles Baynard, 1952-
Format: Thesis eBook
Language:English
Published: [Place of publication not identified] : [publisher not identified] ; 1986.
Subjects:
Online Access:Link to OAKTrust copy

MARC

Tag First Indicator Second Indicator Subfields
LEADER 00000cam a2200000 a 4500
001 in00000019894
005 20220103114959.0
007 cr unu a
008 880707s1986 xx a b 00010 eng d
035 |9 AAB2724AM 
035 |a (OCoLC)18185077 
040 |a TXA  |c TXA  |d UtOrBLW 
043 |a pn----- 
049 |a TXAZ [Also in] [Archives]  |c 1 [A09509804], 2 [A09509812] 
099 |a 1986  |a Thesis  |a S785 
100 1 |a Stanfield, Charles Baynard,  |d 1952- 
245 1 0 |a Objective analysis of tropical cyclone intensity, strength, and size using routine aircraft reconnaissance data /  |c by Charles Baynard Stanfield. 
264 1 |a [Place of publication not identified] :  |b [publisher not identified] ;  |c 1986. 
300 |a xiii, 110 leaves :  |b illustrations ;  |c 29 cm. 
336 |a text  |b txt  |2 rdacontent 
337 |a computer  |b c  |2 rdamedia 
338 |a online resource  |b cr  |2 rdacarrier 
500 |a "Major subject: Meteorology." 
500 |a Typescript (photocopy). 
500 |a Vita. 
502 |b M.S.  |c Texas A&M University  |d 1986. 
504 |a Bibliography: leaves 55-56. 
530 |a Also available online. 
650 0 |a Cyclone forecasting  |x Data processing. 
650 0 |a Cyclones  |z North Pacific Ocean. 
650 0 |a Winds  |x Measurement. 
650 4 |a Major meteorology. 
856 4 1 |u https://hdl.handle.net/1969.1/ETD-TAMU-1986-THESIS-S785  |z Link to OAKTrust copy  |t 0 
999 |a MARS 
999 f f |s ea2d9e8b-bc9b-3902-9317-bb06404ddb2f  |i 4d31e6a5-690d-3a8d-9ae3-bedb40037aff  |t 0 
952 f f |p noncirc  |a Texas A&M University  |b J.J. Pickle Campus  |c High Density Repository  |s HDR  |d Remote Storage  |t 0  |e 1986 Thesis S785  |h Other scheme  |i computer -- online resource  |m A14839613560 
952 f f |a Texas A&M University  |b College Station  |c Electronic Resources  |s www_evans  |d Available Online  |t 0  |e 1986 Thesis S785  |h Other scheme 
998 f f |a 1986 Thesis S785  |t 0  |l Available Online 
998 f f |a 1986 Thesis S785  |t 0  |l Remote Storage